[Event "Bergen NGP op"]
[Site "Bergen"]
[Date "2013.05.31"]
[Round "5"]
[White "Rasmussen, Jonas H"]
[Black "Hjortas, Olav"]
[Result "0-1"]
[WhiteElo "1624"]
[BlackElo "1435"]
[PlyCount "56"]
[EventDate "2013.05.31"]
[EventType "swiss"]
[EventRounds "5"]
[EventCountry "NOR"]
[SourceTitle "CBM 154 Extra"]
[Source "ChessBase"]
[SourceDate "2013.06.25"]
[SourceVersion "2"]
[SourceVersionDate "2013.06.25"]
[SourceQuality "1"]

1. d4 Nf6 2. c4 c5 3. d5 b5 4. cxb5 a6 5. Nc3 axb5 6. Nxb5 Qa5+ 7. Nc3 Ba6 8. Bd2 Qb6 9. g3 g6 10. Bg2 d6 11. Nf3 Bg7 12. 0-0 Nbd7 13. Qc2 0-0 14. Rfe1 Ng4 15. e4 Rfb8 16. b3 c4 17. Rab1 Qxf2+ 18. Kh1 Qa7 19. h3 cxb3 20. axb3 Bd3 21. Be3 Qxe3 22. Rxe3 Bxc2 23. hxg4 Bxb1 24. Nxb1 Ne5 25. Nxe5 Bxe5 26. Bf1 Ra1 27. Nd2 Rd1 28. Re2 Bc3 0-1

[Event "Skarnes Nord Odal op B"]
[Site "Skarnes"]
[Date "2013.01.20"]
[Round "4"]
[White "Opedal, Jan Petter"]
[Black "Hjortas, Olav"]
[Result "1-0"]
[WhiteElo "1394"]
[BlackElo "1447"]
[PlyCount "101"]
[EventDate "2013.01.18"]
[EventType "swiss"]
[EventRounds "5"]
[EventCountry "NOR"]
[SourceTitle "EXT 2024"]
[Source "ChessBase"]
[SourceDate "2023.10.10"]
[SourceVersion "1"]
[SourceVersionDate "2023.10.10"]
[SourceQuality "1"]

1. c4 c6 2. Nc3 d5 3. d4 Nf6 4. cxd5 cxd5 5. g3 Bf5 6. Bg2 e6 7. Nf3 h6 8. 0-0 Nc6 9. Qa4 a6 10. Ne5 Rc8 11. Bf4 g5 12. Nxc6 Rxc6 13. Be5 Be7 14. e4 Bxe4 15. Nxe4 b5 16. Qd1 dxe4 17. Bxe4 Rc4 18. b3 Rc3 19. d5 Rc5 20. Bd4 Nxe4 21. Bxh8 Rxd5 22. Qc2 Nf6 23. Rad1 Kf8 24. Rxd5 exd5 25. Qc6 Kg8 26. Bxf6 Bxf6 27. Rd1 d4 28. Qxa6 b4 29. a4 bxa3 30. Qxa3 Qd5 31. Qa4 Qf3 32. b4 g4 33. b5 Kg7 34. Qc2 Qd5 35. Qd3 Qc5 36. Rb1 Qb6 37. Qe4 h5 38. Qc6 Qa5 39. b6 Qa2 40. Qb5 d3 41. Qxd3 Be5 42. b7 Bb8 43. Rd1 Ba7 44. Rd2 Qa1+ 45. Kg2 Qa5 46. Qd5 Qa6 47. Qe5+ Kg8 48. Rd8+ Kh7 49. Rh8+ Kg6 50. Rg8+ Kh6 51. Qg7# 1-0

[Event "Bergen Sommer op-B"]
[Site "Bergen"]
[Date "2007.08.09"]
[Round "5"]
[White "Botheim, Erik"]
[Black "Hjortas, Olav"]
[Result "1/2-1/2"]
[WhiteElo "685"]
[BlackElo "1322"]
[PlyCount "44"]
[EventDate "2007.08.05"]
[EventType "swiss"]
[EventRounds "6"]
[EventCountry "NOR"]
[SourceTitle "EXT 2010"]
[Source "ChessBase"]
[SourceDate "2010.11.25"]
[SourceVersion "1"]
[SourceVersionDate "2010.11.25"]
[SourceQuality "1"]

1. e4 d5 2. exd5 Nf6 3. c4 c6 4. Nc3 cxd5 5. d4 Nc6 6. Nf3 e6 7. c5 Be7 8. g3 0-0 9. Bg2 b6 10. cxb6 Qxb6 11. 0-0 Ne8 12. b3 Bf6 13. Na4 Qc7 14. Ba3 Nd6 15. Re1 Bd7 16. Ne5 Rfc8 17. Rc1 Be8 18. Nc5 Nb5 19. Bb2 Qd6 20. f4 Ne7 21. a4 Nc7 22. Ba3 Na6 1/2-1/2

[Event "Bergen Sommer op"]
[Site "Bergen"]
[Date "2006.08.06"]
[Round "1"]
[White "Hjortas, Olav"]
[Black "Hoel, Jorgen"]
[Result "1-0"]
[WhiteElo "1277"]
[BlackElo "788"]
[PlyCount "83"]
[EventDate "2006.08.06"]
[EventType "swiss"]
[EventRounds "6"]
[EventCountry "NOR"]
[SourceTitle "EXT 2007"]
[Source "ChessBase"]
[SourceDate "2006.11.23"]
[SourceVersion "1"]
[SourceVersionDate "2006.11.23"]
[SourceQuality "1"]

1. d4 Nf6 2. Bg5 Ne4 3. Bf4 c5 4. f3 Nf6 5. dxc5 e6 6. b4 a5 7. c3 axb4 8. cxb4 Nd5 9. Bxb8 Qf6 10. Nd2 Ne3 11. Qc1 Qxa1 12. Qxa1 Nc2+ 13. Kf2 Nxa1 14. Bc7 Nc2 15. Ba5 b6 16. Bxb6 Nxb4 17. e4 Rxa2 18. Ke3 Ba6 19. Bxa6 Nxa6 20. Ne2 Bxc5+ 21. Bxc5 Nxc5 22. Rc1 d6 23. e5 Ra3+ 24. Nc3 Kd7 25. Nc4 Na4 26. Nxa3 Nxc3 27. Rxc3 dxe5 28. Kf2 f5 29. Nc4 e4 30. Ne5+ Ke7 31. fxe4 fxe4 32. Ke3 Rf8 33. Kxe4 Rf2 34. Rg3 g6 35. Nf3 Kf6 36. Ke3 Rf1 37. Nd4 Rh1 38. h3 Rc1 39. Ke2 Rc4 40. Nf3 Rc2+ 41. Nd2 Rc5 42. Ne4+ 1-0